What Language Is That? (Merry Christmas) Quiz Stats

Quiz Updated Dec 8, 2017

Challenge
Share
Tweet
Embed
Score 0/15 Timer 05:00
3 Plays Today
Question Answer Wrong Answers
Feliz Navidad Spanish
96%
Portuguese
2.4%
Hungarian
1%
Albanian
0.6%
Feliz Natal Portuguese
92.6%
Spanish
3.9%
English
0.3%
Bosnian
1.4%
Fröhliche Weihnachten German
92.2%
Slovenian
1.3%
Slovak
1.7%
Polish
4.2%
Joyeux Noël French
91.4%
Danish
6%
Portuguese
2%
Spanish
0.4%
felicem natalem Christi Latin
87.7%
Belarusian
2.9%
Icelandic
6.1%
Somali
1.9%
Buon Natale Italian
87.4%
Turkish
5.6%
Hawaiian
2.1%
Irish
3.6%
عيد ميلاد سعيد Arabic
86.4%
Urdu
3.9%
Persian
7.2%
Kurdish
1.5%
счастливого Рождества Russian
86.2%
Greek
11%
Maltese
1%
Telugu
1%
کریسمس مبارک Persian
77.6%
Amharic
14.6%
Tagalog
4.3%
Creole
2%
καλά Χριστούγεννα Greek
76.8%
Kyrgyz
5.7%
Ukrainian
14.3%
Nepali
1.6%
圣诞节快乐 Chinese
62.2%
Japanese
25.9%
Korean
8%
Vietnamese
2.6%
Gelukkig Kerstfeest Dutch
58.9%
German
2.3%
Czech
9%
Swedish
28.7%
மெர்ரி கிறிஸ்துமஸ் Tamil
57.1%
Hebrew
23.4%
Yiddish
12.8%
Cantonese
5.8%
मेरी क्रिसमस Hindi
53.4%
Sanskrit
29.9%
Telugu
3.2%
Bengali
12.9%
срећан Божић Serbian
34.8%
Romanian
24.6%
Bulgarian
25.2%
Croatian
13.7%

You're not logged in!

Compare scores with friends on all Sporcle quizzes.
Sign Up with Email
OR
Log In

You Might Also Like...

Show Comments

Extras

Top Quizzes Today


Score Distribution

Your Account Isn't Verified!

In order to create a playlist on Sporcle, you need to verify the email address you used during registration. Go to your Sporcle Settings to finish the process.